000 00438nam a2200193Ia 4500
005 20250425161356.0
008 250425s9999 xx 000 0 und d
020 _a0471559350
041 _aeng
082 _a621.8
245 0 _aMECHANISMS AND DYNAMICS OF MACHINERY
250 _aS.E.
260 _aS.L.
260 _aSin Pais
_bWILE
_c1963
300 _a594
500 _aClasificacion: 621.8
942 _c01
010 _a18877
999 _c207971
_d207971